00322nam a2200133Ia 450000500170000000800410001704100080005808200160006610000210008224500310010326000340013430000080016865000120017620250729165800.0250729s2017 xx 000 0 und d aeng a420.50 BASP aBasava Lapur V.M aProverbs with Explanations aGadagbBasava Prakashanc2017 a88p aEnglish